LIBRARY & INFORMATION CENTRE, KCAET, TAVANUR

ONLINE PUBLIC ACCESS CATALOGUE (OPAC)

Normal view MARC view
  • Gill, Paul W

Entry Personal Name

Number of records used in: 1

001 - CONTROL NUMBER

  • control field: 7090

003 - CONTROL NUMBER IDENTIFIER

  • control field: OSt

005 - DATE AND TIME OF LATEST TRANSACTION

  • control field: 20250206120441.0

008 - FIXED-LENGTH DATA ELEMENTS

  • fixed length control field: 250206|| aca||aabn | a|a d

040 ## - CATALOGING SOURCE

  • Original cataloging agency: OSt
  • Transcribing agency: OSt

100 ## - HEADING--PERSONAL NAME

  • Personal name: Gill, Paul W

670 ## - SOURCE DATA FOUND

  • Source citation: Work cat.: (OSt)19318: Gill, Paul W, Fundamentals of Internal Combustion Engines as applied to , 1959.
free website counter